000 00579nam a2200145Ia 4500
008 100204s9999 xx 000 0 und d
082 _b22971
100 _aकुलकर्णी रंगनाथ
245 _aसाहेब - यशवंतरावजी चव्हाण
260 _b"पी . के . अण्णा पाटील , मुंबई"
_c1994
300 _a77
630 _aसाहेब - यशवंतरावजी चव्हाण
730 _aसाहेब - यशवंतरावजी चव्हाण
942 _cBOOK
999 _c468080
_d468077